000
00335nam a22001577a 4500
003
SGT
020
_a
978-0-7020-2933-2
082
_a
615.321
_b
P11E
100
_a
EVANS, WILLIAM CHARLES
245
_a
PHARMACOGNOSY
250
_a
16TH
260
_a
DELHI
_b
ELSEVIER
_c
2011
300
_a
603
650
_a
PHARMACOGNOSY
942
_2
ddc
_c
BK
999
_c
9623
_d
9623